Cartas a Soufiane: (Record no. 197760)
[ view plain ]
| 000 -LEADER | |
|---|---|
| campo de control de longitud fija | 01320nam a2200313 i 4500 |
| 001 - NÚMERO DE CONTROL | |
| campo de control | 197760 |
| 003 - IDENTIFICADOR DE NÚMERO DE CONTROL | |
| campo de control | SpMaBN |
| 005 - FECHA Y HORA DE LA ÚLTIMA TRANSACCIÓN | |
| campo de control | 20250910063136.0 |
| 008 - DATOS DE LONGITUD FIJA--INFORMACIÓN GENERAL | |
| campo de control de longitud fija | 250722s2024 sp |||||| 000 | spa| |
| 017 ## - NÚMERO DE COPYRIGHT O DE DEPÓSITO LEGAL | |
| Número de copyright o de depósito legal | M 26543-2024 |
| Agencia que asigna | Oficina Depósito Legal Madrid |
| 020 ## - NÚMERO INTERNACIONAL ESTÁNDAR DEL LIBRO | |
| Número Internacional Estándar del Libro | 9791387507022 |
| 040 ## - FUENTE DE CATALOGACIÓN | |
| Centro catalogador/agencia de origen | SpMaBN |
| Lengua de catalogación | spa |
| Centro/agencia transcriptor | SpMaBN |
| Normas de descripción | rda |
| 100 1# - ENTRADA PRINCIPAL--NOMBRE DE PERSONA | |
| 9 (RLIN) | 175800 |
| Nombre de persona | Othman-Bentria Ramos, Farid, |
| Fechas asociadas al nombre | 1979- |
| Término indicativo de función/relación | Autor |
| 245 10 - MENCIÓN DEL TÍTULO | |
| Título | Cartas a Soufiane: |
| Resto del título | un grito por Gaza / |
| Mención de responsabilidad, etc. | Farid Othman-Bentria Ramos ; ilustraciones de Susana Román Jiménez. |
| 250 ## - MENCION DE EDICION | |
| Mención de edición | Primera edición, diciembre 2024. |
| 260 ## - PUBLICACIÓN, DISTRIBUCIÓN, ETC. | |
| Lugar de publicación, distribución, etc. | Madrid : |
| Nombre del editor, distribuidor, etc. | Diwan Mayrit, |
| Fecha de publicación, distribución, etc. | 2024. |
| 300 ## - DESCRIPCIÓN FÍSICA | |
| Extensión | 70 páginas ; |
| Dimensiones | 19 cm. |
| 336 ## - TIPO DE CONTENIDO | |
| Término de tipo de contenido | Texto |
| Fuente | rdacontent |
| 337 ## - TIPO DE MEDIO | |
| Nombre/término del tipo de medio | sin mediación |
| Fuente | rdamedia |
| 338 ## - TIPO DE SOPORTE | |
| Nombre/término del tipo de soporte | volumen |
| Fuente | rdacarrier |
| 655 #7 - TERMINO DE INDIZACIÓN--GENERO/FORMA | |
| Fuente del término | tgfbne |
| 9 (RLIN) | 176539 |
| Datos o término principal de género/forma | Poesías |
| 700 1# - ENTRADA AGREGADA--NOMBRE PERSONAL | |
| Nombre de persona | Román Jiménez, Susana |
| Término indicativo de función/relación | Ilustrador |
| 9 (RLIN) | 242227 |
| 852 ## - LOCALIZACIÓN | |
| Ubicación | ES-MaACL |
| Ubicación en estantería | Depósito J |
| Número de control de estantería | N-10648 |
| Anotaciones manuscritas | Dedicatoria autógrafa del autor |
| Donativo/Legado | Donación: Farid Othman-Bentria Ramos |
| Encuadernación | Encuadernación rústica |
| Nota libre | En Proceso |
| itemnumber | 206771 |
| 903 ## - NOMBRE PERSONAL DE DONANTE | |
| 9 | 175800 |
| a | Othman-Bentria Ramos, Farid, |
| d | 1979- |
| e | Donante |
| 942 ## - ELEMENTOS DE ENTRADA SECUNDARIOS (KOHA) | |
| Tipo de ítem Koha | Libro impreso |
| Suprimir en OPAC | No |
| Estatus retirado | Estado de pérdida | Fuente del sistema de clasificación o colocación | Estado de daño | No para préstamo | Biblioteca de origen | Biblioteca actual | Ubicación en estantería | Fecha de adquisición | Fuente de adquisición | Número de control de estantería | Total de préstamos | Signatura topográfica completa | Código de barras | Visto por última vez | Precio de reemplazo | Tipo de ítem Koha |
|---|---|---|---|---|---|---|---|---|---|---|---|---|---|---|---|---|
| Clasificación decimal universal | Biblioteca del Ateneo de Madrid | Biblioteca del Ateneo de Madrid | Depósito J | 08/09/2025 | Donación | Ateneísta | N-10648 | 2025-1147 | 08/09/2025 | 08/09/2025 | Libro impreso |
